Wild Country / (Record no. 14014)
[ view plain ]
| 000 -LEADER | |
|---|---|
| fixed length control field | 00753nam a22001697a 4500 |
| 008 - FIXED-LENGTH DATA ELEMENTS--GENERAL INFORMATION | |
| fixed length control field | 100524t2008 xxu||||| |||| 00| 0 eng d |
| 020 ## - INTERNATIONAL STANDARD BOOK NUMBER | |
| International Standard Book Number | 9780521713672 |
| 082 ## - DEWEY DECIMAL CLASSIFICATION NUMBER | |
| Edition number | 22 |
| Classification number | 428.64 |
| Item number | JOH |
| 100 1# - MAIN ENTRY--PERSONAL NAME | |
| Personal name | Johnson, Margaret |
| 9 (RLIN) | 10256 |
| Dates associated with a name | 1959- |
| 245 ## - TITLE STATEMENT | |
| Title | Wild Country / |
| Remainder of title | Margaret Johnson. |
| 260 ## - PUBLICATION, DISTRIBUTION, ETC. (IMPRINT) | |
| Place of publication, distribution, etc | Cambridge : |
| Name of publisher, distributor, etc | Cambridge University press, |
| Date of publication, distribution, etc | c2008. |
| 300 ## - PHYSICAL DESCRIPTION | |
| Extent | 64 p. : |
| Dimensions | 24 cm. |
| 490 ## - Series Statement | |
| Series statement | Cambridge English readers; |
| Volume/sequential designation | Level 3 |
| -- | 14257 |
| 650 #0 - SUBJECT ADDED ENTRY--TOPICAL TERM | |
| 9 (RLIN) | 9993 |
| Topical term or geographic name as entry element | English Language--study and teaching--foreign speakers |
| 942 ## - ADDED ENTRY ELEMENTS (KOHA) | |
| Source of classification or shelving scheme | Dewey Decimal Classification |
| Item type | Book - Borrowing |
| Withdrawn status | Item status | Source of classification or shelving scheme | Damaged status | Not for loan | Vendor | Home library | Current library | Shelving location | Date acquired | Source of acquisition | Total Checkouts | Total Renewals | Full call number | Barcode | Checked out | Date last seen | Date last borrowed | Koha item type | Public note |
|---|---|---|---|---|---|---|---|---|---|---|---|---|---|---|---|---|---|---|---|
| Dewey Decimal Classification | Donation-Gift | Central Library | Central Library | Second Floor | 24/05/2010 | Donation | 9 | 14 | 428.64 JOH | 000020857 | 04/03/2020 | 27/04/2016 | 27/04/2016 | Book - Borrowing | Donated by Dr. Azza Taha |